[Event "Santo Domingo Duarte Memorial 5th"]
[Site "Santo Domingo"]
[Date "2016.01.10"]
[Round "4"]
[White "Turbi Garcia, Samuel"]
[Black "Paulino Rosario, Dalver"]
[Result "0-1"]
[WhiteElo "1677"]
[BlackElo "1626"]
[PlyCount "64"]
[EventDate "2016.01.08"]
[EventType "swiss"]
[EventRounds "8"]
[EventCountry "DOM"]
[SourceTitle "CBM 170 Extra"]
[Source "ChessBase"]
[SourceDate "2016.02.25"]
[SourceVersion "1"]
[SourceVersionDate "2016.02.25"]
[SourceQuality "1"]

1. e4 e5 2. Nf3 Nc6 3. Bc4 Nd4 4. Nxd4 exd4 5. d3 Be7 6. 0-0 d6 7. f4 Be6 8. f5 Bxc4 9. dxc4 Bf6 10. Nd2 c6 11. Nb3 Qb6 12. Qe1 a5 13. Bf4 a4 14. Nd2 d3+ 15. Kh1 dxc2 16. e5 dxe5 17. Bxe5 Ne7 18. Bxf6 gxf6 19. Ne4 0-0-0 20. c5 Qxb2 21. Nd6+ Rxd6 22. cxd6 Nd5 23. Qc1 a3 24. Rf3 Nc3 25. d7+ Kxd7 26. Qd2+ Kc8 27. Qxc3 Rd8 28. Qe1 b5 29. Re3 Kb7 30. Re7+ Ka6 31. Rxf7 Qxa1 32. Re7 Qxe1+ 0-1

[Event "Santiago de los Caballeros op"]
[Site "Santiago de los Caballeros"]
[Date "2015.11.08"]
[Round "3"]
[White "Sanchez Vargas, Edward Tancredo"]
[Black "Paulino Rosario, Dalver"]
[Result "1-0"]
[WhiteElo "2193"]
[BlackElo "1724"]
[PlyCount "61"]
[EventDate "2015.11.06"]
[EventType "swiss"]
[EventRounds "6"]
[EventCountry "DOM"]
[SourceTitle "CBM 169 Extra"]
[Source "ChessBase"]
[SourceDate "2015.12.18"]
[SourceVersion "1"]
[SourceVersionDate "2015.12.18"]
[SourceQuality "1"]

1. d4 Nf6 2. Bf4 c5 3. e3 cxd4 4. exd4 g6 5. Be2 Bg7 6. h3 Nd5 7. Bh2 Qb6 8. Nc3 Nxc3 9. bxc3 Qb2 10. Nf3 Qxc3+ 11. Kf1 Nc6 12. Rb1 Nxd4 13. Nxd4 Qxd4 14. Bd3 0-0 15. Qe2 e6 16. h4 Qxh4 17. Kg1 Qg5 18. Bd6 Re8 19. Rb4 Bf8 20. Bf4 Qa5 21. Rb5 Qxa2 22. Rxh7 Kxh7 23. Qh5+ Kg8 24. Bxg6 Qa1+ 25. Kh2 Bg7 26. Bxf7+ Kf8 27. Bxe8 Qf6 28. Bd6+ Kg8 29. Bg6 Bh6 30. Qxh6 Qg7 31. Qh5 1-0

[Event "Santiago de los Caballeros op"]
[Site "Santiago de los Caballeros"]
[Date "2015.11.06"]
[Round "1"]
[White "Paulino Rosario, Dalver"]
[Black "Camacho Campusano, David Daniel"]
[Result "0-1"]
[WhiteElo "1724"]
[BlackElo "2066"]
[PlyCount "69"]
[EventDate "2015.11.06"]
[EventType "swiss"]
[EventRounds "6"]
[EventCountry "DOM"]
[SourceTitle "CBM 169 Extra"]
[Source "ChessBase"]
[SourceDate "2015.12.18"]
[SourceVersion "1"]
[SourceVersionDate "2015.12.18"]
[SourceQuality "1"]

1. e4 c5 2. Nc3 a6 3. Nf3 Nc6 4. a4 e6 5. Bc4 Nf6 6. e5 Ng4 7. Qe2 Qc7 8. d3 Ngxe5 9. Nxe5 Qxe5 10. 0-0 d5 11. Ba2 Qxe2 12. Nxe2 b5 13. Bb3 Bb7 14. Re1 Bd6 15. axb5 axb5 16. Rxa8+ Bxa8 17. Nc3 c4 18. Nxb5 cxb3 19. Nxd6+ Ke7 20. Nf5+ Kd7 21. Ne3 d4 22. Nc4 bxc2 23. Bd2 Rb8 24. Rc1 Rb3 25. Rxc2 Bb7 26. Na5 Nxa5 27. Bxa5 Rxd3 28. f3 Bc6 29. Rd2 Rxd2 30. Bxd2 e5 31. Kf2 f5 32. Kg3 Kd6 33. Kh4 e4 34. Kg3 e3 35. Ba5 0-1

[Event "Santo Domingo op U2100 2nd"]
[Site "Santo Domingo"]
[Date "2015.06.28"]
[Round "7"]
[White "Steel Stephen, Daniel Alberto"]
[Black "Paulino Rosario, Dalver"]
[Result "1-0"]
[WhiteElo "1995"]
[BlackElo "1812"]
[PlyCount "63"]
[EventDate "2015.06.19"]
[EventType "swiss"]
[EventRounds "8"]
[EventCountry "DOM"]
[SourceTitle "CBM 167 Extra"]
[Source "ChessBase"]
[SourceDate "2015.09.14"]
[SourceVersion "1"]
[SourceVersionDate "2015.09.14"]
[SourceQuality "1"]

1. c4 Nf6 2. Nf3 e6 3. g3 d5 4. Bg2 Be7 5. 0-0 0-0 6. cxd5 exd5 7. d4 Bg4 8. Nc3 Nbd7 9. Ne5 c6 10. Nxg4 Nxg4 11. e4 Ngf6 12. exd5 cxd5 13. Nxd5 Nxd5 14. Bxd5 Qb6 15. Rb1 Rfd8 16. Qf3 Nf6 17. Bxb7 Rab8 18. Bc6 Qxd4 19. Be3 Qc4 20. Bxa7 Rbc8 21. Bb7 Rc7 22. Bb6 Rcd7 23. Bxd8 Rxd8 24. a3 h5 25. Qc6 Qg4 26. Rbc1 g6 27. Rfe1 Bf8 28. Qxf6 Rd6 29. Qf3 Qg5 30. h4 Qa5 31. b4 Qa7 32. Rc7 1-0

[Event "Santo Domingo op U2100 2nd"]
[Site "Santo Domingo"]
[Date "2015.06.26"]
[Round "5"]
[White "Holguin Velazquez, Rene Oscar"]
[Black "Paulino Rosario, Dalver"]
[Result "0-1"]
[WhiteElo "1972"]
[BlackElo "1812"]
[PlyCount "40"]
[EventDate "2015.06.19"]
[EventType "swiss"]
[EventRounds "8"]
[EventCountry "DOM"]
[SourceTitle "CBM 167 Extra"]
[Source "ChessBase"]
[SourceDate "2015.09.14"]
[SourceVersion "1"]
[SourceVersionDate "2015.09.14"]
[SourceQuality "1"]

1. d4 Nf6 2. Nf3 d5 3. c4 g6 4. g3 Bg7 5. Bg2 Nbd7 6. 0-0 0-0 7. Nc3 e6 8. Qd3 c5 9. cxd5 cxd4 10. Nxd4 Ne5 11. Qb5 a6 12. Qb3 exd5 13. Nxd5 Neg4 14. Rd1 Re8 15. Nb6 Nxf2 16. Kxf2 Ng4+ 17. Kg1 Bxd4+ 18. e3 Nxe3 19. Rxd4 Qxd4 20. Bf3 Ng4+ 0-1

[Event "Santo Domingo op U2100 2nd"]
[Site "Santo Domingo"]
[Date "2015.06.20"]
[Round "3"]
[White "Ozuna Ozuna, Daniel A"]
[Black "Paulino Rosario, Dalver"]
[Result "0-1"]
[WhiteElo "1743"]
[BlackElo "1812"]
[PlyCount "72"]
[EventDate "2015.06.19"]
[EventType "swiss"]
[EventRounds "8"]
[EventCountry "DOM"]
[SourceTitle "CBM 167 Extra"]
[Source "ChessBase"]
[SourceDate "2015.09.14"]
[SourceVersion "1"]
[SourceVersionDate "2015.09.14"]
[SourceQuality "1"]

1. e4 e5 2. Nf3 Nc6 3. Bb5 Nf6 4. 0-0 Be7 5. Re1 d6 6. c3 a6 7. Ba4 b5 8. Bc2 Bg4 9. d4 exd4 10. cxd4 Bxf3 11. gxf3 Nb4 12. Bb3 c5 13. a3 Nc6 14. d5 Nd4 15. Be3 Nxb3 16. Qxb3 Nd7 17. f4 0-0 18. Nd2 f5 19. Qd1 fxe4 20. Nxe4 Nf6 21. Ng5 Qd7 22. Ne6 Rf7 23. Qf3 Ne8 24. f5 g6 25. Kh1 Rxf5 26. Qg2 Nc7 27. Nf4 Rg5 28. Qe4 Qf5 29. Qxf5 Rxf5 30. Bxc5 Rxf4 31. Rxe7 Nxd5 32. Be3 Rxf2 33. Bxf2 Nxe7 34. Rd1 Nf5 35. Bb6 Kf7 36. Kg1 Ke6 0-1